Plus Grandes Villes de Andhra Pradesh - Statistiques

Statistiques générales
  • Ce quiz a été pris 3 fois
  • Le résultat moyen est 3 sur 10
Statistiques - réponses
Population Ville % Correct
670,073 Guntur
67%
1,728,128 Visakhapatnam
67%
340,613 Anantapur
33%
344,893 Kadapa
33%
443,028 Kakinada
33%
484,327 Kurnool
33%
461,900 Tirupati
33%
1,476,931 Vijayawada
33%
558,548 Nellore
0%
476,873 Rajahmundry
0%
Aucun quiz correspondant
Distribution des résultats
% des personnes avec chaque résultat
Percentile par nombre de réponses
Votre historique - résultats
Vous n’avez pas pris ce quiz